000
00254nam a2200121Ia 4500
008
221030s9999 xx 000 0 und d
041
_a
English
082
_a
105.23
_b
BE
245
0
_a
Living Digital
_b
CD
260
_c
0
650
_a
Magazine
942
_c
CD
999
_c
4957
_d
4957